Kontrola spojování soutěžitelů /

Hlavní autor: Dvořák, Stanislav
Jazyk: Čeština
Vydáno: Praha : C.H. Beck, 2002
Vydání: Vyd. 1.
Edice: Beckovy příručky pro právní praxi
Témata:
Fyzický popis: xii, 112 s. ; 23 cm
Knihy
Uloženo v:
LEADER 01345nam a2200373 a 4500
001 000648641
003 CZ BrMZK
005 20100915121156.0
007 ta
008 030127s2002 xr e f cze d
015 |a cnb001181059 
020 |a 80-7179-783-9  |q (brož.) 
035 |a (OCoLC)53269276 
040 |a ABA001  |b cze  |c BOA001  |d OLA001 
043 |a e-xr--- 
072 7 |a 346  |x Hospodářské právo  |2 Konspekt  |9 16 
080 |a 346.546  |2 MRF 
080 |a (437.3)  |2 MRF 
080 |a (035)  |2 MRF 
100 1 |a Dvořák, Stanislav  |7 jn19981000878  |4 aut 
245 1 0 |a Kontrola spojování soutěžitelů /  |c Stanislav Dvořák 
250 |a Vyd. 1. 
260 |a Praha :  |b C.H. Beck,  |c 2002 
300 |a xii, 112 s. ;  |c 23 cm 
490 1 |a Beckovy příručky pro právní praxi 
504 |a Obsahuje bibliografii a rejstřík 
650 0 7 |a spojování soutěžitelů  |7 ph172915  |z Česko  |2 czenas 
650 0 7 |a právo hospodářské soutěže  |7 ph115916  |z Česko  |2 czenas 
655 7 |a příručky  |7 fd133209  |2 czenas 
830 0 |a Beckovy příručky pro právní praxi  |0 s 
910 |a BOA001  |b 2-1112.613 
990 |a BK 
996 6 |b 2610184017  |c 2-1112.613  |l MZK  |r Sklad / do 1 hodiny  |n 0  |p kup  |w 000648641  |u 000010  |a 1  |e BOA001  |j MZK50  |s P 
996 7 |b 2610184018  |c 2-1112.613  |l MZK  |r Sklad / do 1 hodiny  |n 32  |p p.v.  |w 000648641  |u 000020  |a 1  |e BOA001  |j MZK50  |s A